L'industrie siderurgique en belique

Sparad:
Bibliografiska uppgifter
Materialtyp: Bok
Språk:Undetermined
Publicerad: Paris 1974
Ämnen:
Taggar: Lägg till en tagg
Inga taggar, Lägg till första taggen!
Thư viện lưu trữ: Trung tâm Học liệu Trường Đại học Cần Thơ
LEADER 00412nam a2200145Ia 4500
001 CTU_99578
008 210402s9999 xx 000 0 und d
082 |a 338.47669 
082 |b I.59 
245 0 |a L'industrie siderurgique en belique 
260 |a Paris 
260 |c 1974 
650 |a Steel industry and trade,Iron industry and trade 
904 |i Truc 
980 |a Trung tâm Học liệu Trường Đại học Cần Thơ